Statistics for Countries that border the Red Sea

Click here to take the quiz!

General Stats

  • This quiz has been taken 12 times
  • The average score is 6 of 7

Answer Stats

Answer% Correct
Egypt
91%
Yemen
91%
Eritrea
82%
Jordan
82%
Saudi Arabia
82%
Djibouti
73%
Somalia
64%

Score Distribution

Percentile by Number Answered

Percent of People with Each Score

Your Score History

You have not taken this quiz